| 000 | 00829nam a2200265Ia 4500 | ||
|---|---|---|---|
| 999 |
_c55106 _d55106 |
||
| 001 | 22181 | ||
| 003 | GE_BSU | ||
| 005 | 20221208150634.0 | ||
| 008 | 181216s ||||ge |||||||||||||| ||geo|| | ||
| 020 | _a9783126066396 | ||
| 040 | _cGE_BSU | ||
| 041 | _ageo | ||
| 080 | _a811.112.(073) K-61 | ||
| 100 |
_aKniffka, Gabriele _916350 |
||
| 245 |
_aTraining TestDaF - Trainingsbuch : _bMaterial zur Prufungsvorbereitung / _cGabriele Kniffka, B. Gutzat. |
||
| 264 |
_aStuttgart : _bErnst klett Sprachhen, _c2013. |
||
| 300 |
_a126 p. ; _c30cm. _e+2CD |
||
| 541 | _h80 Gel. | ||
| 653 | _aTraining TestDaF - Trainingsbuch | ||
| 653 | _aMaterial zur Prufungsvorbereitung | ||
| 653 | _aНемецкий язык | ||
| 653 | _aგერმანული ენა. | ||
| 700 |
_aGutzat, B. _ethe author _916351 |
||
| 942 |
_cBK _2udc |
||